00658nam a2200169Ia 4500008004100000020001500041050001900056240004200075245013500117260003900252300003600291500004900327650002400376650001300400700003600413700003900449120626s1999 sp a 000 0 spa d a9688873594 aNK1570bS3618  aLa scoperta del quadrato lEspañol  aEl cuadrado b: más de 300 ejemplos ilustrados sobre la forma cuadrada c/ editor Munari, Bruno; traductor: Nicola, Zanichelli  aEspañab: Gustavo Gili c, 1999  a154 páginas b: ilustraciones aTítulo original: La scoperta del quadrato  0aCUADRADO EN EL ARTE 0aDISEÑO aZanichelli, Nicola etraductor  aMunari, Brunoeeditord1907 - 1998